00884 2200193 4500245003400000020002200034250001100056100000900067700001800076650001600094650001800110005001900128260003100147041001400178084001100192300002300203500045500226336000900681 aEvery Wrong ThingcJacqhText a978-602-385-959-7 aCet. 1 aJacq aYuli Pritania aNovel Horor aNovel Misteri a20241213094153 aJakartabNoura Booksc2019 aIndonesia a808.83 a231 hlm. :c20 cm. aMendadak terbangun seorang diri di kamar Oscar, Elna merasa seperti penderita amnesia. Dia tidak ingat bagaimana atau mengapa bisa berada di rumah kos pria yang dulu pernah dicintainya itu. Hari berikutnya, Ela baru tahu Oscar menghilang tanpa kabar dan itu membuatnya semakin kebingungan, Serentetan ancaman dan tindak penguntitan juga mulai mengganggu hari-harinya. Ke mana Oscar? Siapa yang membawanya ke kamar pria itu? Dan, mengapa Elna diincar? atext